00725nam a2200241 a 4500001001300000003000900013005001700022008004100039020002200080082001600102100001900118245002200137260003300159300000900192500003500201505006500236650001600301700001900317902000800336942000700344952011500351999001700466nice12345678IN_TiNIC20260116013320.0050524s1974 dela grp 000 0 eng  a8185091 c3000a297.93bSOR aSorabjee, Zena aNabil`s Narrative aDelhibBahai Pub.Trustc1974 a191p aincludes index and biblioraphy2 aEnglish Rendering Muhammad Akbnar Muradpuri, Abul Aziz Kamal aBahai Faith1 aSorabjee, Zena bSRS cBK 001040708StackRoom-aHMIbHMId2007-07-02g30.00l0o297.93 SORp018532r2007-07-02v30.00w2005-05-24yBK c10525d10525